000 01410nam0a2200373 4500
001 RU\NLR\bibl\1400476
005 20260601075104.0
010 _a978-5-9573-1548-3
_94000
021 _aRU
_b2009-46016
_92798
035 _a(nilc)RSL-KNO-004339915
035 _a(NLR Aleph) 001392484
090 _a1171058
_c1171058
100 _a20090529d2009 |||y0rusy50 ca
101 1 _arus
_ceng
102 _aRU
105 _ay |||||||||
200 1 _aОранжевая книга
_dThe Orange book
_eвведение в медитации Ошо
_fОшо
_g[пер. с англ. А. Э. Тюменевой]
_zeng
210 _aСанкт-Петербург
_cВесь
_d2009
215 _a187, [1] с.
_d21
225 1 _aИздательство "Весь" - добрые вести
225 1 _aПуть мистика / Практическое руководство
300 _aАвт. такжк на англ. яз.: Osho
510 0 _6z11790
_aThe Orange book
_zeng
606 1 _aМедитация
_91261607
_3RU\NLR\auth\66200516
686 _aЭ331.8-5,0
_2rubbk
686 _aЮ969.1
700 0 _4070
_8rus
_7ca
_aОшо
_f1931-1990
_3RU\NLR\AUTH\771622
_9111642
790 0 _4070
_8eng
_7ba
_aOsho
_f1931-1990
_3RU\NLR\auth\771624
_9111644
801 0 _aRU
_bРКП
_c20090529
_grcr
801 1 _aRU
_bРГБ
_c20090529
801 2 _aRU
_bNLR
_c20090812
_grcr
942 _cBOOK
980 _aNB